| 000 | 00544nam a2200217Ia 4500 | ||
|---|---|---|---|
| 003 | OSt | ||
| 005 | 20220928143335.0 | ||
| 006 | a|||||r|||| 00| 0 | ||
| 007 | ta | ||
| 008 | 220927b |||||||| |||| 00| 0 eng d | ||
| 024 | _a21656 | ||
| 037 | _cTextual | ||
| 040 |
_aSDCL _cSDCL _beng |
||
| 041 |
_2eng _aeng |
||
| 082 | _aP1561, L7 | ||
| 100 |
_aJoshi L D _9505075 |
||
| 245 | 0 | _aBagdi boli ka swarup aur usaka tulnatmak adhyayan. | |
| 260 | _c1977 | ||
| 942 |
_hP1561, L7 _cTEXL _2CC |
||
| 999 |
_c823686 _d823686 |
||